I'll Follow The Sun Lyrics by The Beatles - Statistics

General Stats
  • This quiz has been taken 20 times
  • The average score is 102 of 129
Answer Stats
Answer % Correct
follow
100%
I
100%
I'll
100%
sun.
100%
the
100%
a
93%
to
93%
you
93%
And
87%
and
87%
But,
87%
so
87%
so,
87%
day,
80%
know
80%
know.
80%
may
80%
my
80%
tomorrow
80%
go.
73%
in
73%
I've
73%
look
73%
love,
73%
One
73%
one.
73%
one
73%
Some
73%
that
73%
will
73%
come,
67%
find
67%
gone.
67%
must
67%
rain,
67%
see
67%
you'll
67%
end,
60%
time
60%
was
60%
friend,
53%
has
53%
lose
53%
though
53%
For
47%
have
47%
Oh,
47%
now
40%
Yeah,
27%
No matching quizzes found
Score Distribution
Percent of People with Each Score
Percentile by Number Answered
Your Score History
You have not taken this quiz